[Event "9. Open de Calviá 2012 Aficionados"]
[Site "Calvia ESP"]
[Date "2012.10.06"]
[Round "1.1"]
[White "Voiteanu, Gabriel"]
[Black "Crespi Lopez, Juan Josep"]
[Result "1-0"]
[WhiteElo "2298"]
[BlackElo "1941"]
[PlyCount "53"]
[EventDate "2012.10.06"]
[EventType "swiss"]
[EventRounds "9"]
[EventCountry "ESP"]
[SourceTitle "Ajedrez en Madrid"]
[Source "lmi"]
[SourceDate "2012.10.06"]

1. d4 d5 2. c4 e6 3. Nc3 Nf6 4. cxd5 exd5 5. Bg5 Be7 6. e3 c6 7. Bd3 O-O 8. Qc2
Nbd7 9. Nf3 Re8 10. O-O Nf8 11. a3 g6 12. b4 a6 13. Rab1 Ne6 14. Bh4 Ng7 15. a4
Bf5 16. b5 Bxd3 17. Qxd3 axb5 18. axb5 Ra3 19. bxc6 bxc6 20. Qc2 Qa5 21. Rfc1
Nf5 22. Bxf6 Bxf6 23. Ne2 Rc8 24. Nf4 Nd6 25. Qc5 Nc4 26. Nxd5 Nd6 27. Nf4 1-0

[Event "9. Open de Calviá 2012 Aficionados"]
[Site "Calvia ESP"]
[Date "2012.10.06"]
[Round "1.2"]
[White "Aguilo Pons, Francesc"]
[Black "Andersen, Lars Even"]
[Result "0-1"]
[WhiteElo "1940"]
[BlackElo "2291"]
[PlyCount "82"]
[EventDate "2012.10.06"]
[EventType "swiss"]
[EventRounds "9"]
[EventCountry "ESP"]
[SourceTitle "Ajedrez en Madrid"]
[Source "lmi"]
[SourceDate "2012.10.06"]

1. e4 Nc6 2. d4 e5 3. Nf3 exd4 4. Nxd4 Bc5 5. Nb3 Bb6 6. Nc3 Nf6 7. Bg5 d6 8.
Be2 Ne5 9. Nd2 h6 10. Bh4 Ng6 11. Bg3 O-O 12. O-O Re8 13. Re1 Bd4 14. Bf3 Be6
15. Nb3 Be5 16. Bxe5 dxe5 17. Qe2 c6 18. g3 Qc7 19. Rad1 Rad8 20. Rxd8 Rxd8 21.
Rd1 Nf8 22. Rd2 b6 23. Qd1 Rxd2 24. Qxd2 Bxb3 25. axb3 a5 26. h4 Ne6 27. Be2
Nd4 28. Kg2 Qd6 29. Qd1 Nd7 30. Bd3 Nc5 31. Be2 Qg6 32. Bh5 Qf6 33. Bf3 Kf8 34.
Na4 Nxa4 35. bxa4 Qd8 36. c3 Ne6 37. Qb3 Nc5 38. Qa2 Qd3 39. b4 Nxe4 40. bxa5
bxa5 41. Qb3 Qxf3+ 0-1

[Event "9. Open de Calviá 2012 Aficionados"]
[Site "Calvia ESP"]
[Date "2012.10.06"]
[Round "1.4"]
[White "Cemborain Oricain, Alfonso"]
[Black "Sgircea, Silvia-raluca"]
[Result "0-1"]
[WhiteElo "1913"]
[BlackElo "2255"]
[PlyCount "154"]
[EventDate "2012.10.06"]
[EventType "swiss"]
[EventRounds "9"]
[EventCountry "ESP"]
[SourceTitle "Ajedrez en Madrid"]
[Source "lmi"]
[SourceDate "2012.10.06"]

1. e4 c5 2. c3 Nf6 3. e5 Nd5 4. d4 cxd4 5. Nf3 e6 6. cxd4 Nc6 7. a3 d6 8. Bd3
Be7 9. O-O Bd7 10. Bd2 Qb6 11. Nc3 Nxc3 12. Bxc3 d5 13. Rc1 a6 14. Qd2 O-O 15.
Bb1 f6 16. Qd3 f5 17. Rfd1 Rac8 18. h3 Na5 19. Bxa5 Qxa5 20. Qd2 Qxd2 21. Nxd2
Bg5 22. Rxc8 Rxc8 23. Bd3 Ba4 24. b3 Bd7 25. Nb1 Bc1 26. Kf1 Bb2 27. Be2 Rc1
28. Rxc1 Bxc1 29. Ke1 Bb2 30. f4 Bxd4 31. Kd2 Bf2 32. Nc3 d4 33. Nd1 Bg3 34.
Bf3 Bxf4+ 35. Kd3 Bxe5 36. Bxb7 Bb5+ 37. Kd2 Bf4+ 38. Ke1 d3 39. a4 d2+ 40. Kf2
Bd3 41. b4 e5 42. b5 axb5 43. g3 Bg5 44. a5 Bd8 45. Ke3 Bc4 46. a6 Ba5 47. g4
fxg4 48. hxg4 Bb3 49. Bf3 Kf7 50. Kd3 Bb6 51. Kxd2 Ke6 52. Nc3 Bc4 53. Be4 h6
54. Nd1 Bd5 55. Bd3 Bc6 56. Bf5+ Kd6 57. Nb2 Kc7 58. Nd3 Bd4 59. Nb4 Bg2 60.
Be6 Kb6 61. Bc8 Bf3 62. Kd3 Bc5 63. Nc2 h5 64. gxh5 Bxh5 65. Ne1 Bg6+ 66. Ke2
Be4 67. Nf3 Bxf3+ 68. Kxf3 b4 69. Ke4 Bd4 70. Kd3 b3 71. Bb7 g5 72. Kd2 g4 73.
Kd3 g3 74. Kd2 b2 75. Kc2 e4 76. Bxe4 Kxa6 77. Kb3 g2 0-1

[Event "9. Open de Calviá 2012 Aficionados"]
[Site "Calvia ESP"]
[Date "2012.10.06"]
[Round "1.5"]
[White "Jimenez Martinez, Jose Vicente"]
[Black "De Rijk, Nils"]
[Result "1-0"]
[WhiteElo "2254"]
[BlackElo "1911"]
[PlyCount "41"]
[EventDate "2012.10.06"]
[EventType "swiss"]
[EventRounds "9"]
[EventCountry "ESP"]
[SourceTitle "Ajedrez en Madrid"]
[Source "lmi"]
[SourceDate "2012.10.06"]

1. d4 d6 2. c4 Nf6 3. Nc3 g6 4. e4 Bg7 5. f3 O-O 6. Be3 Nbd7 7. Qd2 c5 8. Nge2
e6 9. d5 exd5 10. cxd5 a6 11. a3 Ne5 12. Ng3 Qe7 13. Be2 h5 14. O-O h4 15. Nh1
h3 16. g3 Bd7 17. Bg5 Rae8 18. Nf2 b5 19. f4 Nc4 20. Bxc4 bxc4 21. Rae1 1-0

[Event "9. Open de Calviá 2012 Aficionados"]
[Site "Calvia ESP"]
[Date "2012.10.06"]
[Round "1.6"]
[White "Cerdo Fernandez, Miguel"]
[Black "Gomez Jurado, Luis Alberto"]
[Result "0-1"]
[WhiteElo "1909"]
[BlackElo "2248"]
[PlyCount "82"]
[EventDate "2012.10.06"]
[EventType "swiss"]
[EventRounds "9"]
[EventCountry "ESP"]
[SourceTitle "Ajedrez en Madrid"]
[Source "lmi"]
[SourceDate "2012.10.06"]

1. e4 c6 2. d4 d5 3. f3 e6 4. Nc3 Nf6 5. e5 Nfd7 6. f4 c5 7. Nf3 Nc6 8. Be3 a6
9. Qd2 b5 10. dxc5 Bxc5 11. Bxc5 Nxc5 12. Qf2 Qe7 13. Be2 b4 14. Nd1 O-O 15.
Nd4 Bb7 16. Nxc6 Bxc6 17. Bf3 Bb5 18. Qe3 Rad8 19. Kf2 d4 20. Qd2 d3 21. c3 b3
22. a3 f6 23. exf6 Qxf6 24. Re1 Qh4+ 25. Kg1 Qxf4 26. Qxf4 Rxf4 27. Re5 Rf5 28.
Rxf5 exf5 29. Ne3 g6 30. Rd1 Kg7 31. Kf2 f4 32. Nd5 g5 33. Ne7 d2 34. Nf5+ Kf6
35. Nd4 Nd3+ 36. Kg1 Nxb2 37. Rxd2 Nc4 38. Rd1 b2 39. Rb1 Ba4 40. Bd1 Bxd1 41.
Rxd1 Nxa3 0-1

[Event "9. Open de Calviá 2012 Aficionados"]
[Site "Calvia ESP"]
[Date "2012.10.06"]
[Round "1.7"]
[White "Massanet Massanet, Sebastian"]
[Black "Strand, Oyvin"]
[Result "1-0"]
[WhiteElo "2247"]
[BlackElo "1899"]
[PlyCount "87"]
[EventDate "2012.10.06"]
[EventType "swiss"]
[EventRounds "9"]
[EventCountry "ESP"]
[SourceTitle "Ajedrez en Madrid"]
[Source "lmi"]
[SourceDate "2012.10.06"]

1. e4 e6 2. d4 d5 3. Nd2 dxe4 4. Nxe4 Bd7 5. Nf3 Bc6 6. Bd3 Nd7 7. O-O Ngf6 8.
Ng3 Be7 9. Re1 Bxf3 10. Qxf3 c6 11. c3 O-O 12. Bf4 Re8 13. Re2 Qa5 14. a4 Qd5
15. Ne4 c5 16. Be3 c4 17. Bc2 a6 18. a5 Rab8 19. Bf4 Rbc8 20. Qh3 Qh5 21. Qxh5
Nxh5 22. Bd6 Bf8 23. Ba4 Red8 24. Bxd7 Rxd7 25. Bxf8 Kxf8 26. Nc5 Rdc7 27. Ra4
Nf4 28. Rd2 Nd5 29. Rxc4 Ke7 30. Ra4 Kd6 31. g3 h6 32. f4 Kc6 33. c4 Nf6 34.
Rb4 Nd7 35. Ne4 b5 36. d5+ exd5 37. cxd5+ Kb7 38. Nd6+ Kb8 39. Nxc8 Kxc8 40. d6
Rc1+ 41. Kg2 Ra1 42. Re4 Nf6 43. d7+ Kd8 44. Re7 1-0

[Event "9. Open de Calviá 2012 Aficionados"]
[Site "Calvia ESP"]
[Date "2012.10.06"]
[Round "1.8"]
[White "Munoz Agullo, Jose Francisco"]
[Black "Beltran Ortiz, Edda Georgina"]
[Result "1-0"]
[WhiteElo "2241"]
[BlackElo "1876"]
[PlyCount "43"]
[EventDate "2012.10.06"]
[EventType "swiss"]
[EventRounds "9"]
[EventCountry "ESP"]
[SourceTitle "Ajedrez en Madrid"]
[Source "lmi"]
[SourceDate "2012.10.06"]

1. d4 Nf6 2. c4 c5 3. Nf3 cxd4 4. Nxd4 g6 5. Nc3 Bg7 6. e4 d6 7. Be2 Nc6 8. Be3
O-O 9. O-O Bd7 10. Rc1 Rc8 11. f3 Re8 12. Qd2 Qa5 13. Rfd1 Ne5 14. b3 a6 15.
Bf1 h5 16. a4 Kh7 17. h3 Bc6 18. Rb1 Qb4 19. Nc2 Qa5 20. f4 Ned7 21. Bd3 Ng4
22. b4 1-0

[Event "9. Open de Calviá 2012 Aficionados"]
[Site "Calvia ESP"]
[Date "2012.10.06"]
[Round "1.9"]
[White "Kopischke, Maik"]
[Black "Diaz Nunez, Adolfo"]
[Result "1/2-1/2"]
[WhiteElo "1867"]
[BlackElo "2225"]
[PlyCount "97"]
[EventDate "2012.10.06"]
[EventType "swiss"]
[EventRounds "9"]
[EventCountry "ESP"]
[SourceTitle "Ajedrez en Madrid"]
[Source "lmi"]
[SourceDate "2012.10.06"]

1. d4 d5 2. Nf3 Nf6 3. c3 g6 4. Bg5 Bg7 5. Nbd2 Nbd7 6. e3 O-O 7. Be2 c5 8. O-O
Qb6 9. Qb3 c4 10. Qc2 h6 11. Bh4 Re8 12. b3 cxb3 13. axb3 e5 14. dxe5 Nxe5 15.
Nxe5 Rxe5 16. Bg3 Bf5 17. Bd3 Bxd3 18. Qxd3 Ree8 19. Rab1 Ne4 20. Nxe4 dxe4 21.
Qc2 Rad8 22. Rfd1 f5 23. c4 Rxd1+ 24. Rxd1 Rd8 25. h3 Qa5 26. Kf1 Rxd1+ 27.
Qxd1 Qa1 28. Qxa1 Bxa1 29. Bd6 Bc3 30. Bc5 a6 31. Ke2 Kf7 32. f3 b5 33. cxb5
axb5 34. fxe4 fxe4 35. Bd4 Bb4 36. g4 h5 37. gxh5 gxh5 38. Kf2 Bd6 39. Ke2 Ke6
40. Kd2 Kf5 41. Kc3 Kg5 42. Bg7 Kh4 43. Kd4 Kxh3 44. Kxe4 Kg4 45. Kd5 Bg3 46.
Bf6 Kf5 47. Be7 h4 48. Bxh4 Bxh4 49. Kc5 1/2-1/2

[Event "9. Open de Calviá 2012 Aficionados"]
[Site "Calvia ESP"]
[Date "2012.10.06"]
[Round "1.11"]
[White "Galiana Salom, Juan Ramon"]
[Black "Moreno Mateos, Jose Luis"]
[Result "1-0"]
[WhiteElo "2215"]
[BlackElo "1843"]
[PlyCount "47"]
[EventDate "2012.10.06"]
[EventType "swiss"]
[EventRounds "9"]
[EventCountry "ESP"]
[SourceTitle "Ajedrez en Madrid"]
[Source "lmi"]
[SourceDate "2012.10.06"]

1. e4 c6 2. d4 d5 3. Nc3 dxe4 4. Nxe4 Nf6 5. Nxf6+ gxf6 6. c3 Bf5 7. Ne2 Nd7 8.
Ng3 Bg6 9. h4 h5 10. Be2 Qa5 11. b4 Qc7 12. Be3 O-O-O 13. Qc1 e5 14. Qa3 exd4
15. Bxd4 c5 16. Be3 f5 17. f4 cxb4 18. cxb4 Nb8 19. Qb2 Qe7 20. Rc1+ Nc6 21.
Kf2 Qxb4 22. Qxh8 Bc5 23. Qxd8+ Kxd8 24. Rxc5 1-0

[Event "9. Open de Calviá 2012 Aficionados"]
[Site "Calvia ESP"]
[Date "2012.10.06"]
[Round "1.12"]
[White "Garrido Lluy, Javier"]
[Black "Sokalsky, Alexander"]
[Result "0-1"]
[WhiteElo "1835"]
[BlackElo "2210"]
[PlyCount "109"]
[EventDate "2012.10.06"]
[EventType "swiss"]
[EventRounds "9"]
[EventCountry "ESP"]
[SourceTitle "Ajedrez en Madrid"]
[Source "lmi"]
[SourceDate "2012.10.06"]

1. e4 c5 2. Nf3 e6 3. c3 d5 4. exd5 Qxd5 5. d4 Nf6 6. Bb5+ Nc6 7. O-O cxd4 8.
Nxd4 Bd7 9. Be3 Nxd4 10. Bxd7+ Qxd7 11. Bxd4 Be7 12. Qf3 O-O 13. Nd2 Qc6 14.
Rad1 Rfd8 15. Rfe1 Qxf3 16. Nxf3 Nd5 17. b3 Bd6 18. g3 Ne7 19. Be5 Bxe5 20.
Nxe5 Nc6 21. Nd7 Rac8 22. Nc5 b6 23. Ne4 Rxd1 24. Rxd1 Rd8 25. Rxd8+ Nxd8 26.
f4 Nb7 27. Kf2 Kf8 28. Ke3 Ke7 29. Kd4 h6 30. a4 Kd7 31. b4 Nd6 32. Nd2 Nf5+
33. Kd3 h5 34. c4 Kc6 35. Kc3 Ne3 36. b5+ Kc7 37. Kd3 Nd1 38. Kc2 Ne3+ 39. Kb3
Ng4 40. Nf3 Kd6 41. h3 Nf2 42. Nd2 Nxh3 43. Ne4+ Kc7 44. c5 h4 45. cxb6+ axb6
46. gxh4 Nxf4 47. Kc4 Nd5 48. h5 Ne3+ 49. Kd3 Nf5 50. Kc4 Nd6+ 51. Kd4 Nxe4 52.
Kxe4 Kd6 53. Kd4 f5 54. Kc4 e5 55. Kb4 0-1

[Event "9. Open de Calviá 2012 Aficionados"]
[Site "Calvia ESP"]
[Date "2012.10.06"]
[Round "1.13"]
[White "Tscharotschkin, Michael"]
[Black "Baatz, Karl-heinz"]
[Result "1-0"]
[WhiteElo "2205"]
[BlackElo "1814"]
[PlyCount "83"]
[EventDate "2012.10.06"]
[EventType "swiss"]
[EventRounds "9"]
[EventCountry "ESP"]
[SourceTitle "Ajedrez en Madrid"]
[Source "lmi"]
[SourceDate "2012.10.06"]

1. d4 d5 2. Nf3 f5 3. Bf4 Nf6 4. e3 e6 5. h3 Be7 6. c4 c6 7. Nc3 O-O 8. Ne5 b6
9. Be2 Bb7 10. O-O Nbd7 11. Rc1 Kh8 12. Bd3 Ne4 13. f3 Nxc3 14. Rxc3 g5 15. Bh2
Rc8 16. cxd5 cxd5 17. Rxc8 Qxc8 18. Qa4 Nxe5 19. Bxe5+ Bf6 20. Bxf6+ Rxf6 21.
Qxa7 Qc6 22. a4 Rf8 23. Bb5 Qc7 24. Ba6 Rb8 25. b4 Qc8 26. Bxb7 Rxb7 27. Qa6
Qc7 28. Qd3 Ra7 29. Ra1 Kg7 30. e4 dxe4 31. fxe4 Qf4 32. exf5 exf5 33. a5 Qd6
34. Kh1 f4 35. Qf5 h6 36. Re1 Rf7 37. Qe5+ Qxe5 38. dxe5 bxa5 39. bxa5 Ra7 40.
e6 Re7 41. a6 Kf8 42. Rb1 1-0

[Event "9. Open de Calviá 2012 Aficionados"]
[Site "Calvia ESP"]
[Date "2012.10.06"]
[Round "1.14"]
[White "Fullana Benito, David"]
[Black "Van Den Bersselaar, Jeroen"]
[Result "0-1"]
[WhiteElo "1813"]
[BlackElo "2196"]
[PlyCount "64"]
[EventDate "2012.10.06"]
[EventType "swiss"]
[EventRounds "9"]
[EventCountry "ESP"]
[SourceTitle "Ajedrez en Madrid"]
[Source "lmi"]
[SourceDate "2012.10.06"]

1. d4 d5 2. c4 e6 3. Nc3 c6 4. Nf3 Nf6 5. Bg5 h6 6. Bh4 dxc4 7. e4 g5 8. Nxg5
hxg5 9. Bxg5 Be7 10. Bxc4 Qa5 11. Bxf6 Bxf6 12. e5 Be7 13. a3 b5 14. Be2 b4 15.
axb4 Qxb4 16. Qd2 Bb7 17. Bf3 Nd7 18. O-O c5 19. Bxb7 Qxb7 20. Ra2 Rg8 21. g3
cxd4 22. Qxd4 Rg5 23. Ra5 Qc7 24. Qe4 Rb8 25. Rb5 Rxe5 26. Rxb8+ Qxb8 27. Qa4
Qxb2 28. Rd1 Qb7 29. h4 a5 30. f4 Re3 31. Ne4 Rxe4 32. Rxd7 Qb6+ 0-1

[Event "9. Open de Calviá 2012 Aficionados"]
[Site "Calvia ESP"]
[Date "2012.10.06"]
[Round "1.17"]
[White "Orcera Gomez, Francisco"]
[Black "Gromovs, Sergejs"]
[Result "0-1"]
[WhiteElo "1789"]
[BlackElo "2169"]
[PlyCount "90"]
[EventDate "2012.10.06"]
[EventType "swiss"]
[EventRounds "9"]
[EventCountry "ESP"]
[SourceTitle "Ajedrez en Madrid"]
[Source "lmi"]
[SourceDate "2012.10.06"]

1. Nf3 h6 2. c4 g5 3. h3 Bg7 4. Nc3 c5 5. g4 Nc6 6. Bg2 d6 7. Qc2 e6 8. a3 Nge7
9. e4 Ng6 10. Ne2 Rb8 11. d3 b5 12. O-O bxc4 13. dxc4 Na5 14. Rb1 Nb3 15. Be3
e5 16. Rfd1 Nd4 17. Nexd4 exd4 18. Bd2 O-O 19. Re1 Re8 20. Nh2 Be5 21. Nf3 Bf6
22. b4 Bb7 23. Re2 Qc7 24. Ne1 cxb4 25. axb4 d5 26. Nd3 dxc4 27. Nc5 Ne5 28.
Qa2 c3 29. f4 cxd2 30. fxe5 Bxe5 31. Rxd2 Bf4 32. Rc2 Be3+ 33. Kh1 Qg3 34. Qb3
Re7 35. Rf1 Kg7 36. Ra2 Bc6 37. Rfa1 Bb5 38. Qd1 Bc4 39. Ra4 d3 40. Qf3 Bf4 41.
Qxg3 Bxg3 42. Bf1 Bb5 43. Rxa7 Rxa7 44. Rxa7 d2 45. Ra1 Rd8 0-1

[Event "9. Open de Calviá 2012 Aficionados"]
[Site "Calvia ESP"]
[Date "2012.10.06"]
[Round "1.20"]
[White "Planas Gene, Juan"]
[Black "Abrines Sampol, Lorenzo"]
[Result "1-0"]
[WhiteElo "2136"]
[BlackElo "1707"]
[PlyCount "59"]
[EventDate "2012.10.06"]
[EventType "swiss"]
[EventRounds "9"]
[EventCountry "ESP"]
[SourceTitle "Ajedrez en Madrid"]
[Source "lmi"]
[SourceDate "2012.10.06"]

1. d4 Nf6 2. c4 e5 3. dxe5 Ng4 4. e4 Nxe5 5. Be3 Bb4+ 6. Nd2 b6 7. a3 Bxd2+ 8.
Qxd2 Bb7 9. f4 Ng4 10. Bd4 O-O 11. Bd3 Re8 12. e5 Qh4+ 13. Kd1 c5 14. Nf3 Bxf3+
15. gxf3 cxd4 16. fxg4 Qxg4+ 17. Kc2 Nc6 18. Rag1 Qh4 19. Rg3 Re6 20. Rhg1 g6
21. f5 Rxe5 22. fxg6 fxg6 23. Bxg6 hxg6 24. Rxg6+ Kh7 25. R6g4 Qh6 26. Qd3+ Kh8
27. Qg3 Re2+ 28. Kb1 Rxh2 29. Rg8+ Kh7 30. Qd3+ 1-0

[Event "9. Open de Calviá 2012 Aficionados"]
[Site "Calvia ESP"]
[Date "2012.10.06"]
[Round "1.22"]
[White "Shen, Yue"]
[Black "Nielsen, Jorgen Kamp"]
[Result "1-0"]
[WhiteElo "2120"]
[BlackElo "1698"]
[PlyCount "69"]
[EventDate "2012.10.06"]
[EventType "swiss"]
[EventRounds "9"]
[EventCountry "ESP"]
[SourceTitle "Ajedrez en Madrid"]
[Source "lmi"]
[SourceDate "2012.10.06"]

1. d4 Nf6 2. c4 c5 3. d5 b5 4. cxb5 a6 5. bxa6 g6 6. Nc3 Bg7 7. g3 d6 8. Bg2
O-O 9. Nf3 Nxa6 10. O-O Qb6 11. Nd2 Bd7 12. h3 Ra7 13. Rb1 Qc7 14. Nc4 Rb8 15.
Bd2 Bb5 16. Nxb5 Rxb5 17. a4 Rb8 18. Na5 Rba8 19. Nc6 Rb7 20. Qc2 Nb8 21. Rfc1
Nxc6 22. dxc6 Rba7 23. a5 e6 24. b4 cxb4 25. Rxb4 d5 26. Rcb1 Ra6 27. Rb6 Rxb6
28. Rxb6 h5 29. h4 Ne8 30. e3 Nd6 31. Bf1 Ra7 32. a6 Nc8 33. Rb7 Qd6 34. Bb4
Qe5 35. Bc5 1-0

[Event "9. Open de Calviá 2012 Aficionados"]
[Site "Calvia ESP"]
[Date "2012.10.06"]
[Round "1.28"]
[White "Driessen Llado, Pedro"]
[Black "Berendsen, Markus"]
[Result "0-1"]
[WhiteElo "1580"]
[BlackElo "2028"]
[PlyCount "70"]
[EventDate "2012.10.06"]
[EventType "swiss"]
[EventRounds "9"]
[EventCountry "ESP"]
[SourceTitle "Ajedrez en Madrid"]
[Source "lmi"]
[SourceDate "2012.10.06"]

1. d4 Nf6 2. c4 e6 3. Nf3 Bb4+ 4. Bd2 Qe7 5. a3 Bxd2+ 6. Qxd2 a5 7. Nc3 d6 8.
e3 Nc6 9. Bd3 e5 10. Nd5 Qd8 11. Nxf6+ Qxf6 12. O-O O-O 13. d5 Nb8 14. b4 axb4
15. Qxb4 Na6 16. Qb1 g6 17. Nd2 Nc5 18. Ne4 Nxe4 19. Bxe4 Qe7 20. Bd3 f5 21. e4
f4 22. f3 g5 23. Qa2 b6 24. Rac1 Kh8 25. Rc3 Bd7 26. Rb1 h5 27. Be2 g4 28. fxg4
hxg4 29. g3 Kg7 30. Bf1 f3 31. Qf2 Qf6 32. Re1 Rf7 33. Ree3 Raf8 34. h4 gxh3
35. Rxf3 Qxf3 0-1

[Event "9. Open de Calviá 2012 Aficionados"]
[Site "Calvia ESP"]
[Date "2012.10.06"]
[Round "1.40"]
[White "Myhrvold, Rune"]
[Black "Martinez Colomar, Alejandro"]
[Result "1-0"]
[WhiteElo "2189"]
[BlackElo "1809"]
[PlyCount "37"]
[EventDate "2012.10.06"]
[EventType "swiss"]
[EventRounds "9"]
[EventCountry "ESP"]
[SourceTitle "Ajedrez en Madrid"]
[Source "lmi"]
[SourceDate "2012.10.06"]

1. e4 c5 2. c3 Nf6 3. e5 Nd5 4. d4 cxd4 5. cxd4 b6 6. Bc4 Bb7 7. Nf3 e6 8. O-O
Na6 9. Ng5 Rc8 10. Qh5 Qe7 11. Na3 g6 12. Qe2 Nac7 13. Ne4 Qb4 14. Nc2 Qa4 15.
Bg5 Ba6 16. b3 Qc6 17. Bxa6 Nxa6 18. Qxa6 Qxc2 19. Rac1 1-0

[Event "9. Open de Calviá 2012 Aficionados"]
[Site "Calvia ESP"]
[Date "2012.10.07"]
[Round "2.1"]
[White "Fruebing, Thomas"]
[Black "Voiteanu, Gabriel"]
[Result "1/2-1/2"]
[WhiteElo "2164"]
[BlackElo "2298"]
[PlyCount "108"]
[EventDate "2012.10.06"]
[EventType "swiss"]
[EventRounds "9"]
[EventCountry "ESP"]
[SourceTitle "Ajedrez en Madrid"]
[Source "lmi"]
[SourceDate "2012.10.06"]

1. e4 e5 2. Bc4 Nf6 3. Qe2 Nc6 4. Nf3 Be7 5. O-O d6 6. c3 Bg4 7. Bb5 O-O 8. d4
exd4 9. Bxc6 bxc6 10. cxd4 d5 11. e5 Ne4 12. Nc3 Nxc3 13. bxc3 f6 14. e6 c5 15.
h3 Bxf3 16. Qxf3 cxd4 17. cxd4 Rb8 18. Ba3 Re8 19. Rac1 Rb6 20. Rfe1 Ra6 21.
Rc3 Ra4 22. Qd3 Qc8 23. Bxe7 Rxe7 24. Qb5 Rxd4 25. Qc5 Rxe6 26. Rec1 Rc4 27.
Rxc4 dxc4 28. Rxc4 a6 29. a3 Re1+ 30. Kh2 Rd1 31. Qc6 a5 32. Rc5 Qd7 33. Qa8+
Qd8 34. Qxa5 Qd6+ 35. g3 Qb6 36. Qxb6 cxb6 37. Rb5 Ra1 38. Rb3 Kf7 39. Kg2 b5
40. h4 f5 41. Rxb5 Rxa3 42. Rxf5+ Kg6 43. Rf8 h5 44. Rf3 Ra4 45. Rb3 Ra6 46.
Rb4 Rf6 47. f3 Ra6 48. Kf2 Ra3 49. g4 hxg4 50. Rxg4+ Kf6 51. Kg3 g6 52. Rb4 Ra5
53. Kg4 Rc5 54. Rb6+ Kg7 1/2-1/2

[Event "9. Open de Calviá 2012 Aficionados"]
[Site "Calvia ESP"]
[Date "2012.10.07"]
[Round "2.2"]
[White "Andersen, Lars Even"]
[Black "Grichkevitch, Gilles"]
[Result "1/2-1/2"]
[WhiteElo "2291"]
[BlackElo "2137"]
[PlyCount "49"]
[EventDate "2012.10.06"]
[EventType "swiss"]
[EventRounds "9"]
[EventCountry "ESP"]
[SourceTitle "Ajedrez en Madrid"]
[Source "lmi"]
[SourceDate "2012.10.06"]

1. d4 Nf6 2. c4 g6 3. Nc3 Bg7 4. g3 O-O 5. Bg2 d6 6. Nf3 Nc6 7. O-O a6 8. h3
Rb8 9. a4 Bf5 10. Re1 Ne4 11. Nh4 Nxc3 12. bxc3 Bd7 13. a5 e5 14. e3 f5 15. f4
e4 16. Bf1 Be8 17. Ng2 h6 18. Be2 Bf7 19. Kh2 Kh7 20. Rg1 Bf6 21. Ra4 Ne7 22.
Bd2 c5 23. Be1 Nc6 24. Qa1 Qc7 25. g4 1/2-1/2

[Event "9. Open de Calviá 2012 Aficionados"]
[Site "Calvia ESP"]
[Date "2012.10.07"]
[Round "2.3"]
[White "Sgircea, Silvia-raluca"]
[Black "Planas Gene, Juan"]
[Result "1-0"]
[WhiteElo "2255"]
[BlackElo "2136"]
[PlyCount "100"]
[EventDate "2012.10.06"]
[EventType "swiss"]
[EventRounds "9"]
[EventCountry "ESP"]
[SourceTitle "Ajedrez en Madrid"]
[Source "lmi"]
[SourceDate "2012.10.06"]

1. Nf3 Nf6 2. c4 c6 3. Nc3 d5 4. e3 e6 5. Qc2 Nbd7 6. d4 Bd6 7. b3 O-O 8. Bd3
dxc4 9. bxc4 e5 10. O-O Re8 11. Bb2 exd4 12. exd4 Nf8 13. Ne4 Nxe4 14. Bxe4 Bg4
15. d5 f5 16. Qc3 Qc7 17. c5 fxe4 18. cxd6 Qf7 19. Ne5 Rxe5 20. Qxe5 cxd5 21.
Rfc1 Nd7 22. Qg5 Be2 23. Rc7 h6 24. Qe3 Ba6 25. Qh3 Rd8 26. Bd4 Kh7 27. Rac1
Qf4 28. Qg3 Qxg3 29. hxg3 Kg6 30. Rc8 Rxc8 31. Rxc8 Kf7 32. Bc3 Ke6 33. Bb4 d4
34. a4 Be2 35. Re8+ Kd5 36. Re7 a5 37. Bxa5 Kxd6 38. Rxe4 d3 39. f3 Nf6 40.
Bb4+ Kd5 41. Rf4 Nd7 42. Bc3 g5 43. Rd4+ Kc6 44. Kf2 Nc5 45. Rb4 Na6 46. Rc4+
Kd5 47. Rd4+ Kc6 48. Bb4 b6 49. Ba3 Nc5 50. a5 Kc7 1-0

[Event "9. Open de Calviá 2012 Aficionados"]
[Site "Calvia ESP"]
[Date "2012.10.07"]
[Round "2.4"]
[White "Rhein, Klaus"]
[Black "Jimenez Martinez, Jose Vicente"]
[Result "1-0"]
[WhiteElo "2132"]
[BlackElo "2254"]
[PlyCount "75"]
[EventDate "2012.10.06"]
[EventType "swiss"]
[EventRounds "9"]
[EventCountry "ESP"]
[SourceTitle "Ajedrez en Madrid"]
[Source "lmi"]
[SourceDate "2012.10.06"]

1. e4 d6 2. d4 g6 3. Nc3 Bg7 4. Be3 a6 5. a4 b6 6. h3 Bb7 7. g4 Nf6 8. Bg2 O-O
9. Nge2 c5 10. d5 e6 11. O-O exd5 12. exd5 Nbd7 13. Qd2 Rb8 14. Bh6 Ba8 15. Ng3
b5 16. axb5 axb5 17. Bxg7 Kxg7 18. g5 Ne8 19. f4 b4 20. Nd1 f5 21. Ne3 Nc7 22.
c4 bxc3 23. bxc3 Bb7 24. c4 Ba6 25. Qc3+ Kg8 26. Rfe1 Rb4 27. Bf1 Qb8 28. Nexf5
gxf5 29. Re7 Ne5 30. fxe5 Rb3 31. Qe1 Qd8 32. exd6 Qxd6 33. Nh5 Bxc4 34. Rg7+
Kh8 35. Qh4 Bxd5 36. Rxh7+ Kxh7 37. Nf6+ Kg6 38. Qh5+ 1-0

[Event "9. Open de Calviá 2012 Aficionados"]
[Site "Calvia ESP"]
[Date "2012.10.07"]
[Round "2.5"]
[White "Gomez Jurado, Luis Alberto"]
[Black "Shen, Yue"]
[Result "1-0"]
[WhiteElo "2248"]
[BlackElo "2120"]
[PlyCount "51"]
[EventDate "2012.10.06"]
[EventType "swiss"]
[EventRounds "9"]
[EventCountry "ESP"]
[SourceTitle "Ajedrez en Madrid"]
[Source "lmi"]
[SourceDate "2012.10.06"]

1. c4 Nf6 2. g3 e6 3. Bg2 d5 4. Nf3 Be7 5. O-O O-O 6. b3 Nbd7 7. Bb2 b6 8. e3
Bb7 9. Nc3 dxc4 10. bxc4 Nc5 11. d4 Nce4 12. Ne2 c5 13. Nf4 cxd4 14. exd4 Qc7
15. Rc1 Rac8 16. Ne5 Nd7 17. Nxd7 Qxd7 18. Qe2 Nf6 19. d5 Qa4 20. d6 Bxg2 21.
dxe7 Bxf1 22. exf8=Q+ Kxf8 23. Kxf1 Nd7 24. Qd3 g6 25. Qa3+ Qxa3 26. Bxa3+ 1-0

[Event "9. Open de Calviá 2012 Aficionados"]
[Site "Calvia ESP"]
[Date "2012.10.07"]
[Round "2.6"]
[White "Juan Mas, Santiago"]
[Black "Munoz Agullo, Jose Francisco"]
[Result "0-1"]
[WhiteElo "2062"]
[BlackElo "2241"]
[PlyCount "88"]
[EventDate "2012.10.06"]
[EventType "swiss"]
[EventRounds "9"]
[EventCountry "ESP"]
[SourceTitle "Ajedrez en Madrid"]
[Source "lmi"]
[SourceDate "2012.10.06"]

1. d4 Nf6 2. Nc3 d5 3. Bg5 c6 4. Qd3 Qa5 5. Nf3 Nbd7 6. Nd2 g6 7. f4 Bg7 8. g3
b5 9. Bg2 b4 10. Nd1 Ba6 11. Nb3 Qb6 12. Qd2 O-O 13. Nf2 Bc4 14. O-O c5 15.
Nxc5 Nxc5 16. dxc5 Qxc5 17. Kh1 Rfd8 18. Nd3 Qd4 19. e3 Qb6 20. Bxf6 Bxf6 21.
Rfe1 a5 22. Ne5 Rac8 23. c3 bxc3 24. bxc3 e6 25. Rab1 Qc7 26. Nf3 Ba6 27. Nd4
Qxc3 28. Qxc3 Rxc3 29. Rb6 Bc4 30. Nc6 Ra8 31. e4 Bxa2 32. exd5 Bxd5 33. Bxd5
exd5 34. Nb8 Kg7 35. Nd7 Bd4 36. Rb7 a4 37. Re7 a3 38. Ne5 Bxe5 39. Rxf7+ Kg8
40. fxe5 a2 41. Rg7+ Kf8 42. Rbf7+ Ke8 43. e6 a1=Q+ 44. Kg2 Rc2+ 0-1